000 01599nam0a2200385 4500
001 RU\NLR\BIBL_A\022717396
005 20260303150851.0
010 _a978-5-00250-656-9
_95000
021 _aRU
_bКН-П-25-075497
_9КН-П-25-7321
035 _a(NLR Aleph) 022717396
090 _a13556516
_c13556516
100 _a20260204d2026 d y0rusy50 ca
101 0 _arus
102 _aRU
105 _aa z 000yy
181 0 _ai
_baxxe
181 0 _ab2
_bbb2e
182 0 _an
200 1 _aКак строили и жили на Руси
_e[для среднего школьного возраста]
_fНадежда Адамович, Наталья Серегина
_gиллюстрации Сферы Ференц
203 _aТекст
_aИзображение
_bвизуальные
_cнепосредственные
210 _aМосква
_cМИФ
_d2026 (печ. 2025)
215 _a14, [1] с.
_cцв. ил.
_d26
225 1 _aНаша страна Россия
_iКак жили на Руси
300 _aВ вып. дан.: Серия "Наша страна Россия. Как жили на Руси"
333 _a6+
606 1 _aЖилище
_xРусские
_xИстория
_jИздания для детей
_2nlr_sh1
_2nlr_sh2
_3RU\NLR\AUTH\66465382
686 0 _aШ9
_bТ5
700 1 _aАдамович
_bН.
_gНадежда
701 1 _aСерегина
_bН.
_gНаталья
702 1 _aФеренц
_bС.
_gСфера
_3RU\NLR\AUTH\770261843
942 _cBOOK
980 _aNB